000 01115nam a2200301 a 4500
001 68593
003 BD-RjUL
005 20211209081805.0
008 170403s1937 nyua b 001 0 eng d
035 _a(BD-RjUL)68803
040 _aDLC
_cKSU
_dSER
_dRQB
_dIAY
_dEQO
_dBD-RjUL
_beng
041 _aeng
082 _a660
_223
_bPRI 1937
245 1 0 _aPrinciples of Chemical Engineering /
_cby William H. Walker, Warren K. Lewis, William H. McAdams and Edwin R. Gilliland ...
250 _a3d ed., rev. and rewritten.
260 _aNew York ;
_aLondon :
_bMcGraw-Hill Book Company, inc.,
_c1937.
300 _axi, 749 p. :
_bill. ;
_c24 cm.
490 1 _aChemical engineering series
504 _a"References" at end of most of the chapters and Indexes
650 0 _aChemical engineering.
_9203317
700 1 _aWalker William H.
_9203318
700 1 _aLewis, Warren Kendall,
_9203319
700 1 _aMcAdams, William H.
_q(William Henry),
_d1892-
_9203320
700 1 _aGilliland, Edwin Richard,
_d1909-1973
_9203321
830 0 _achemical engineering series.
_9154103
942 _2ddc
_cBK
999 _c68593
_d68593